000 01818cam a22004934i 4500
003 PE-LiUPU
005 20250731172951.0
008 150623s1996 miu rb 000 0 eng d
020 _a0801021332
035 _a(Sirsi) i9780801021336
040 _aPE-LiUPU
_bspa
_cPE-LiUPU
_erda
049 _aPRUA
082 0 4 _a261.835 85
_b P45Ch23
_221
245 0 4 _aThe christian educator's handbook on family life education /
_ceditado por Kenneth O. Gangel y James C. Wilhoit.
264 1 _aMichigan :
_bBaker Books,
_c1996.
300 _a352 páginas ;
_c24 centímetros
336 _atext
_2rdacontent
337 _aunmediated
_2rdamedia
338 _avolume
_2rdacarrier
504 _aIncluye bibliografía.
505 0 _aFoundations for family life education -- Education for family roles and relationships -- The church's educational ministry to families -- Education for the family's relationship to society.
526 _aSEG42
526 _aSEG41
526 _aSEG40
526 _aSEG39
526 _aP94
526 _aP87
526 _aP86
526 _aP85
526 _aP77
526 _aP76
526 _aP35
650 0 4 _aEducación cristiana.
650 0 4 _aFamilia
_xVida religiosa.
650 0 4 _aTrabajo de iglesia familias.
700 1 _aGangel, Kenneth O.,
_eeditor.
700 1 _aWilhoit, Jim,
_eeditor.
942 _2ddc
_cBOOK
949 _a261.835 85 P45CH23
_wDEWEY
_c1
_i44976
_lCCODEBUL1
_mBUL
_r0
_sY
_tBOOK
_u2015-6-24
_xTEOLOGIA
_PP35
_0COMPRA
_o.STAFF. Colección General
994 _aC0
_bPEPRU
596 _a1
999 _a261.835 85 P45CH23
_wDEWEY
_c21853
_i44976
_d21853
_e2018-3-28
_f2021-11-10
_g5
_lCCODEBUL1
_mBUL
_n2
_p21.92
_r0
_sY
_tBOOK
_u2015-6-24
_xTEOLOGIA
_PP35
_0COMPRA
_o.STAFF. Colección Teología
980 _81
_gALBERTO SANCHEZ Responsable de Automatización